"Mayor of Simpleton" XTC Lyrics - Statistics

General Stats
  • This quiz has been taken 18 times
  • The average score is 248 of 301
Answer Stats
Lyrics % Correct
a
100%
an
100%
And
100%
and
100%
be
100%
But
100%
but
100%
I
100%
know
100%
love
100%
may
100%
mayor
100%
of
100%
on
100%
one
100%
Simpleton
100%
Simpleton,
100%
that
100%
That
100%
that's
100%
the
100%
then
100%
thing
100%
you.
100%
you
100%
your
100%
all
88%
been
88%
do
88%
friends
88%
get
88%
has
88%
in
88%
is
88%
It
88%
it's
88%
just
88%
Just
88%
me
88%
Never
88%
never
88%
not
88%
nothing
88%
or
88%
Or
88%
run
88%
some
88%
think
88%
to
88%
too
88%
about
75%
can't
75%
care
75%
degree
75%
done
75%
don't
75%
feel
75%
for
75%
have
75%
how
75%
I'm
75%
learned
75%
near
75%
paper
75%
puns,
75%
puzzles,
75%
real,
75%
say
75%
should
75%
stupid
75%
sun
75%
took
75%
university
75%
weight
75%
were
75%
What
75%
When
75%
when
75%
who
75%
you're
75%
act
63%
anyway
63%
arms
63%
brains
63%
cold
63%
computer
63%
even
63%
fact
63%
grows
63%
logic
63%
man
63%
much
63%
Please
63%
proud
63%
put
63%
really
63%
takes
63%
their
63%
there
63%
thinking
63%
upstanding
63%
warm
63%
You'll
63%
you'll
63%
big
50%
books
50%
cover
50%
crossword
50%
gets
50%
handed
50%
hit
50%
home
50%
money
50%
past
50%
problems,
50%
profound
50%
'round
50%
see
50%
seen
50%
shun
50%
song
50%
talking
50%
tell
50%
tree
50%
unsound
50%
want
50%
write
50%
grew
38%
If
38%
mathematics,
38%
none
38%
Well,
38%
well,
38%
Well
38%
are
25%
currency
25%
depth
25%
feeling
25%
paupers
25%
riddles,
25%
stay
25%
they'll
25%
unravel
25%
brainy
13%
they're
13%
No matching quizzes found
Score Distribution
Percent of People with Each Score
Percentile by Number Answered
Your Score History
You have not taken this quiz